Vplyv príjmových nerovností domácností na spotrebu v krajinách eurozóny diplomová práca

Enregistré dans:
Détails bibliographiques
Auteur principal: Traljić, Michelle
Collectivité auteur: Národohospodárska fakulta EU. Katedra bankovníctva a medzinárodných financií
Autres auteurs: Kotlebová, Jana, 1969-
Format: Livre
Langue:slovaque
Publié: Bratislava 2020
Tags: Ajouter un tag
Pas de tags, Soyez le premier à ajouter un tag!

MARC

LEADER 00000nbm a2200000 4500
001 0268024
005 20211029084326.6
041 0 |a slo 
044 |a SK 
245 1 0 |a Vplyv príjmových nerovností domácností na spotrebu v krajinách eurozóny  |b diplomová práca  |c Michelle Traljić ; školiteľ: Jana Kotlebová 
264 1 |a Bratislava  |c 2020 
300 |a 78 s. 
100 1 |a Traljić, Michelle 
700 1 |a Kotlebová, Jana, 1969- 
710 2 |a Národohospodárska fakulta EU. Katedra bankovníctva a medzinárodných financií